Statistics for State Fish Alabama-Kansas

Click here to take the quiz!

General Stats

  • This quiz has been taken 37 times
  • The average score is 4 of 15

Answer Stats

HintAnswer% Correct
GeorgiaLargemouth bass
80%
Alabama | IndianaLargemouth Bass
80%
IowaChannel catfish
44%
AlaskaKing Salmon
32%
IllinoisBluegill
32%
IdahoCutthroat trout
16%
CaliforniaGolden Trout
12%
Arkansas | KansasNone
8%
HawaiiHumuhumunukunukuapua'a
8%
DelawareWeakfish
4%
ColoradoGreenthroat cutthroat trout
0%
ConnecticutAmerican Shad
0%
FloridaFlorida largemouth bass
0%

Score Distribution

Percentile by Number Answered

Percent of People with Each Score

Your Score History

You have not taken this quiz